<?xml version="1.0" encoding="UTF-8"?>
<record
    xmlns:xsi="http://www.w3.org/2001/XMLSchema-instance"
    xsi:schemaLocation="http://www.loc.gov/MARC21/slim http://www.loc.gov/standards/marcxml/schema/MARC21slim.xsd"
    xmlns="http://www.loc.gov/MARC21/slim">

  <leader>00784nam a22001577a 4500</leader>
  <controlfield tag="008">180427b        xxu||||| |||| 00| 0 eng d</controlfield>
  <datafield tag="020" ind1=" " ind2=" ">
    <subfield code="a">9786070304187</subfield>
  </datafield>
  <datafield tag="082" ind1=" " ind2=" ">
    <subfield code="a">370.115</subfield>
    <subfield code="b">F866p</subfield>
  </datafield>
  <datafield tag="100" ind1=" " ind2=" ">
    <subfield code="a">Freire, Paulo</subfield>
    <subfield code="9">6237</subfield>
  </datafield>
  <datafield tag="245" ind1=" " ind2=" ">
    <subfield code="a">Pedagog&#xED;a de la autonom&#xED;a:</subfield>
    <subfield code="b">Saberes necesarios para la pr&#xE1;ctica educativa</subfield>
  </datafield>
  <datafield tag="260" ind1=" " ind2=" ">
    <subfield code="a">M&#xE9;xico</subfield>
    <subfield code="b">Siglo Veintiuno Editores</subfield>
    <subfield code="c">2012</subfield>
  </datafield>
  <datafield tag="300" ind1=" " ind2=" ">
    <subfield code="a">136 p.</subfield>
    <subfield code="c">21 cm.</subfield>
  </datafield>
  <datafield tag="505" ind1=" " ind2=" ">
    <subfield code="t">Pr&#xF3;logo</subfield>
    <subfield code="r">Edina Castro de Oliveira</subfield>
    <subfield code="t">Primeras palabras </subfield>
    <subfield code="r">Paulo Freire</subfield>
    <subfield code="t">I. No hay docencia sin discencia</subfield>
    <subfield code="t">II. Ense&#xF1;ar no es transferir conocimiento</subfield>
    <subfield code="t">III. Ense&#xF1;ar es una especificidad humana</subfield>
  </datafield>
  <datafield tag="650" ind1=" " ind2=" ">
    <subfield code="2">Educaci&#xF3;n</subfield>
    <subfield code="x">Educaci&#xF3;n-responsabilidad social</subfield>
    <subfield code="x">Pedagog&#xED;a cr&#xED;tica</subfield>
    <subfield code="x">Filosof&#xED;a de la educaci&#xF3;n </subfield>
    <subfield code="x">Objetivos educativos</subfield>
    <subfield code="9">6240</subfield>
  </datafield>
  <datafield tag="700" ind1=" " ind2=" ">
    <subfield code="a">Palacios, Guillermo (Traductor)</subfield>
    <subfield code="9">6241</subfield>
  </datafield>
  <datafield tag="999" ind1=" " ind2=" ">
    <subfield code="c">1426</subfield>
    <subfield code="d">1426</subfield>
  </datafield>
  <datafield tag="952" ind1=" " ind2=" ">
    <subfield code="0">0</subfield>
    <subfield code="1">0</subfield>
    <subfield code="2">ddc</subfield>
    <subfield code="4">0</subfield>
    <subfield code="7">0</subfield>
    <subfield code="a">LV</subfield>
    <subfield code="b">LV</subfield>
    <subfield code="c">Pensamiento</subfield>
    <subfield code="d">2018-04-27</subfield>
    <subfield code="l">1</subfield>
    <subfield code="o">370.115 F866p</subfield>
    <subfield code="p">004576</subfield>
    <subfield code="r">2019-09-06 00:00:00</subfield>
    <subfield code="s">2019-08-31</subfield>
    <subfield code="w">2018-04-27</subfield>
    <subfield code="y">01</subfield>
  </datafield>
</record>
